000 00484cam a2200193ua 4500
001 7355
008 141224n ii |||gr||||Z||||||ben
040 _cMAIN
041 _aben
082 _a891.444
100 _aSanyal. B. G.,
_eAuthor.
245 _aBirangana kavya
_cEdited by Bhabani Gopal Sanyal
250 _a1st.
260 _aCalcutta:
_bModern,
_c1988.
300 _a99p.
653 _aEast Indo-European & Celtic literatures
653 _aBengali literature
942 _cBK
999 _c6480
_d6480